Visualizzazione normale
Vista MARC
- Con la collaborazione di Manuela Naldini
di Personal Name
Records bibliografici associati: 1
001 - CONTROL NUMBER
- control field: 59715
003 - CONTROL NUMBER IDENTIFIER
- control field:
005 - DATE AND TIME OF LATEST TRANSACTION
- control field: 20230315135847.0
008 - FIXED-LENGTH DATA ELEMENTS
- fixed length control field: 230315|| aca||aabn | a|a d
040 ## - CATALOGING SOURCE
- Original cataloging agency:
- Transcribing agency:
100 ## - HEADING--PERSONAL NAME
- Personal name: Con la collaborazione di Manuela Naldini
670 ## - SOURCE DATA FOUND
- Source citation: Work cat.: ()213041: Saraceno Chiara 56212, Mutamenti della famiglia e politiche sociali in Italia, 2003 [Edizione originale: 1998]